Jak to všechno bylo, pane Werichu? /

Hlavní autor: Inov, Igor‘, 1930-2003
Další autoři: Kozáková, Libuše, 1935-, Černý, František, 1926-2010, Řezáčová, Kateřina, 1955-
Jazyk: Čeština
Vydáno: Praha : Karolinum, 1992
Vydání: 1. vyd.
Témata:
Externí odkaz: Digitalizovaný dokument
Fyzický popis: 264 s. : fotogr. ; 22 cm
Knihy
Uloženo v:
LEADER 01812nam a2200457 a 4500
001 000103841
003 CZ BrMZK
005 20150227103212.0
007 ta
008 950101s1992 xr a f cze d
015 |a cnb000077602 
020 |a 80-7066-539-4  |q (brož.) 
035 |a (OCoLC)29036366 
040 |a ABA001  |b cze 
041 1 |a cze  |h rus 
045 |a x2x6 
080 9 |a 792.2 
080 9 |a 929Werich,J. 
080 9 |a 885.0-94 
100 1 |a Inov, Igor‘,  |d 1930-2003  |7 jo2002107912  |4 aut 
245 1 0 |a Jak to všechno bylo, pane Werichu? /  |c Igor Inov ; z ruš. přel. Libuše Kozáková ; doslov František Černý ; obálka a graf. úprava Kateřina Řezáčová 
250 |a 1. vyd. 
260 |a Praha :  |b Karolinum,  |c 1992 
300 |a 264 s. :  |b fotogr. ;  |c 22 cm 
500 |a Vl.jm. autora je Igor Ivanov 
500 |a 5000 výt. 
500 |a Dostupné též v digitální podobě v aplikaci Kramerius 
600 1 7 |a Werich, Jan,  |d 1905-1980  |7 jk01151601  |2 czenas 
610 2 7 |a Osvobozené divadlo  |7 kn20020612003  |2 czenas 
653 0 |a stol. 20., léta 20.-60.  |a české divadlo 
655 7 |a vzpomínky  |7 fd133830  |2 czenas 
655 7 |a paměti  |7 fd132997  |2 czenas 
700 1 |a Kozáková, Libuše,  |d 1935-  |7 jk01062585  |4 trl 
700 1 |a Černý, František,  |d 1926-2010  |7 jk01021532  |4 wfw 
700 1 |a Řezáčová, Kateřina,  |d 1955-  |7 jx20040618037  |4 art 
856 4 1 |u http://www.digitalniknihovna.cz/mzk/uuid/uuid:7503cb70-c0a4-11e4-9541-005056827e51  |y Digitalizovaný dokument  |x NDK 
910 |a BOA001  |b 2-0985.298  |b PK-0118.674 
920 |a 000024913 
990 |a BK 
996 6 |b 2619996895  |c 2-0985.298  |l MZK  |r Sklad / do 1 hodiny  |n 13  |w 000103841  |u 000010  |a 1  |e BOA001  |j MZK50  |s P 
996 7 |b 3119995905  |c PK-0118.674  |l MZK  |r Sklad / do 1 hodiny  |n 19  |w 000103841  |u 000020  |a 1  |e BOA001  |j MZK50  |s A